Statistics for Tracklist Quiz - Positions Album

Click here to take the quiz!

General Stats

  • This quiz has been taken 6 times
  • The average score is 12 of 19

Answer Stats

TracksCollab/Featured Artist(s)% Correct
shut up
100%
34+35
83%
34+35 Remixfeat. Doja Cat & Megan Thee Stallion
83%
motivefeat. Doja Cat
83%
positions
83%
pov
83%
off the tablefeat. The Weeknd
67%
safety netfeat. Ty Dolla $ign
67%
six thirty
67%
west side
67%
just like magic
50%
love language
50%
main thing
50%
my hair
50%
nasty
50%
obvious
50%
someone like u (interlude)
50%
worst behavior
50%
test drive
33%

Score Distribution

Percentile by Number Answered

Percent of People with Each Score

Your Score History

You have not taken this quiz